000 01061nam a2200229Ia 4500
001 7338
003 GE_BSU
008 181216s||||||||xx |||||||||||||| ||und||
020 _a9789941107139
040 _cGE_BSU
080 _a343(063)
245 _aსისხლის სამართლის მეცნიერება ერთიანი ევროპული განვითარების პროცესში.
245 _bსისხლის სამართლის სამეცნიერო სიმპოზიუმის კრებული.
245 _cრედ: მერაბ ტურავა.
260 _aთბილისი.
260 _bმერიდიანი.
260 _c2013.
300 _a512 გვ; 24 სმ.
653 _aსამართალი
653 _aსისხლის სამართლის მეცნიერება ერთიანი ევროპული განვითარების პროცესში.
942 _cBK
999 _c40702
_d40702